<?xml version="1.0" encoding="UTF-8"?><?xml-stylesheet type="text/xsl" href="static/style.xsl"?><OAI-PMH xmlns="http://www.openarchives.org/OAI/2.0/" xmlns:xsi="http://www.w3.org/2001/XMLSchema-instance" xsi:schemaLocation="http://www.openarchives.org/OAI/2.0/ http://www.openarchives.org/OAI/2.0/OAI-PMH.xsd"><responseDate>2026-04-17T13:15:24Z</responseDate><request verb="GetRecord" identifier="oai:www.recercat.cat:10230/19836" metadataPrefix="marc">https://recercat.cat/oai/request</request><GetRecord><record><header><identifier>oai:recercat.cat:10230/19836</identifier><datestamp>2025-12-22T20:20:19Z</datestamp><setSpec>com_2072_6</setSpec><setSpec>col_2072_452954</setSpec></header><metadata><record xmlns="http://www.loc.gov/MARC21/slim" xmlns:dcterms="http://purl.org/dc/terms/" xmlns:xsi="http://www.w3.org/2001/XMLSchema-instance" xmlns:doc="http://www.lyncode.com/xoai" xsi:schemaLocation="http://www.loc.gov/MARC21/slim http://www.loc.gov/standards/marcxml/schema/MARC21slim.xsd">
   <leader>00925njm 22002777a 4500</leader>
   <datafield ind2=" " ind1=" " tag="042">
      <subfield code="a">dc</subfield>
   </datafield>
   <datafield ind2=" " ind1=" " tag="720">
      <subfield code="a">Serrano Fuentes, Rosa Mª</subfield>
      <subfield code="e">author</subfield>
   </datafield>
   <datafield ind2=" " ind1=" " tag="260">
      <subfield code="c">2012-11-21T15:23:19Z</subfield>
   </datafield>
   <datafield ind2=" " ind1=" " tag="260">
      <subfield code="c">2012-11-21T15:23:19Z</subfield>
   </datafield>
   <datafield ind2=" " ind1=" " tag="260">
      <subfield code="c">2012-11-21</subfield>
   </datafield>
   <datafield ind2=" " ind1=" " tag="520">
      <subfield code="a">Directors: Jordi Delclòs, Josep Mª Ramada</subfield>
   </datafield>
   <datafield ind2=" " ind1=" " tag="520">
      <subfield code="a">Tutor UPF: Jordi Delclòs</subfield>
   </datafield>
   <datafield ind2=" " ind1=" " tag="520">
      <subfield code="a">Introducción:Tanto las directrices europeas como las instituciones de nuestro país y de la Cámara de Comercio aconsejan a los empresarios implementar programas de Promoción de la Salud para sus trabajadores en el marco de la responsabilidad social empresarial creando empresas saludables que optimizen recursos y retengan el talento de sus  profesionales. Objetivos: El objetivo de este estudio se centra en determinar la prevalencia de FRCV en los trabajadores de la Corporació Sanitària Parc Taulí (CSPT) de Sabadell, Barcelona. Un segundo objetivo es examinar las asociaciones entre perfil laboral (categoría y turno de trabajo) de los trabajadores y la prevalencia de FRCV, con el fin de detectar colectivos más vulnerables que pudieran beneficiarse de intervenciones preventivas.</subfield>
   </datafield>
   <datafield tag="653" ind2=" " ind1=" ">
      <subfield code="a">Treball de fi de màster – Curs 2011-2012</subfield>
   </datafield>
   <datafield tag="653" ind2=" " ind1=" ">
      <subfield code="a">Sistema cardiovascular -- Malalties -- Factors de risc</subfield>
   </datafield>
   <datafield tag="653" ind2=" " ind1=" ">
      <subfield code="a">Salut en el treball</subfield>
   </datafield>
   <datafield tag="653" ind2=" " ind1=" ">
      <subfield code="a">Hospitals -- Catalunya -- Sabadell</subfield>
   </datafield>
   <datafield tag="653" ind2=" " ind1=" ">
      <subfield code="a">Corporació Parc Taulí</subfield>
   </datafield>
   <datafield ind2="0" ind1="0" tag="245">
      <subfield code="a">Prevalencia de factores de riesgo cardiovascular en los trabajadores de un centro hospitalario</subfield>
   </datafield>
</record></metadata></record></GetRecord></OAI-PMH>